[Event "Berlin Lichtenberger op 8th"]
[Site "Berlin"]
[Date "2009.08.20"]
[Round "6"]
[White "Sabrowski, Uwe"]
[Black "Nieber, Alexander"]
[Result "1-0"]
[WhiteElo "2127"]
[BlackElo "1826"]
[PlyCount "81"]
[EventDate "2009.08.15"]
[EventType "swiss"]
[EventRounds "9"]
[EventCountry "GER"]
[SourceTitle "CBM 131 Extra"]
[Source "ChessBase"]
[SourceDate "2009.09.03"]
[SourceVersion "2"]
[SourceVersionDate "2009.09.16"]
[SourceQuality "1"]

1. d4 Nf6 2. c4 e6 3. Nf3 b6 4. g3 Bb7 5. Bg2 Be7 6. 0-0 0-0 7. Qc2 d6 8. Bg5 Nbd7 9. Nc3 h6 10. Bd2 c5 11. e4 cxd4 12. Nxd4 Ne5 13. b3 d5 14. exd5 exd5 15. Rae1 Ng6 16. Ne6 fxe6 17. Qxg6 Qe8 18. Qxe8 Rfxe8 19. Rxe6 Rad8 20. Rfe1 Kf7 21. cxd5 Nxd5 22. Nxd5 Bxd5 23. Bxd5 Rxd5 24. R1e2 Rd6 25. R6e4 a5 26. Bc3 g5 27. Bb2 Rdd8 28. Bd4 Rb8 29. Re6 Bc5 30. Rxe8 Rxe8 31. Rxe8 Kxe8 32. Bxc5 bxc5 33. Kg2 Kd7 34. Kf3 Kc6 35. Ke4 Kb5 36. f4 gxf4 37. gxf4 a4 38. f5 axb3 39. axb3 Kc6 40. Ke5 Kd7 41. Kf6 1-0

[Event "GER-chT U20"]
[Site "Arendsee"]
[Date "2008.12.30"]
[Round "7.5"]
[White "Nieber, Alexander"]
[Black "Hoffmann, Lena"]
[Result "1/2-1/2"]
[WhiteElo "1796"]
[BlackElo "1635"]
[PlyCount "73"]
[EventDate "2008.12.27"]
[EventType "team-swiss"]
[EventRounds "7"]
[EventCountry "GER"]
[SourceTitle "CBM 128 Extra"]
[Source "ChessBase"]
[SourceDate "2009.03.05"]
[SourceVersion "2"]
[SourceVersionDate "2009.03.25"]
[SourceQuality "1"]
[WhiteTeam "Magdeburg Aufbau Elbe"]
[BlackTeam "Stadtilm Blau Weiss"]
[WhiteTeamCountry "GER"]
[BlackTeamCountry "GER"]

1. d4 d5 2. c4 e6 3. Nc3 Nf6 4. cxd5 exd5 5. Qc2 c6 6. Bg5 Be7 7. e3 0-0 8. Bd3 h6 9. Bh4 Nbd7 10. Nge2 Re8 11. 0-0-0 Ng4 12. Bxe7 Qxe7 13. Nf4 b5 14. h3 Ngf6 15. Kb1 a5 16. Nce2 Bb7 17. Rdg1 g5 18. g4 gxf4 19. g5 hxg5 20. Rxg5+ Kh8 21. Nxf4 Rg8 22. h4 Ne4 23. Rh5+ Kg7 24. f3 Nef6 25. Rg1+ Kf8 26. Rxg8+ Nxg8 27. Bh7 Ngf6 28. Qf5 Qxe3 29. Bg6 Ke7 30. Bxf7 Nxh5 31. Bxh5 Qxd4 32. Qe6+ Kd8 33. Qe8+ Kc7 34. Ne6+ Kd6 35. Nxd4 Rxe8 36. Bxe8 Nf6 37. Bg6 1/2-1/2

[Event "GER-chT Lands U20"]
[Site "Dresden"]
[Date "2008.11.16"]
[Round "4.6"]
[White "Nieber, Alexander"]
[Black "Marx, Inge"]
[Result "1/2-1/2"]
[WhiteElo "1824"]
[BlackElo "1595"]
[PlyCount "145"]
[EventDate "2008.11.14"]
[EventType "team-swiss"]
[EventRounds "7"]
[EventCountry "GER"]
[SourceTitle "EXT 2010"]
[Source "ChessBase"]
[SourceDate "2010.11.25"]
[SourceVersion "1"]
[SourceVersionDate "2010.11.25"]
[SourceQuality "1"]
[WhiteTeam "Sachsen Anhalt"]
[BlackTeam "Schleswig Holstein"]
[WhiteTeamCountry "GER"]
[BlackTeamCountry "GER"]

1. d4 d5 2. c4 e6 3. Nc3 Nf6 4. Bg5 Be7 5. Nf3 0-0 6. e3 b6 7. Bxf6 Bxf6 8. cxd5 exd5 9. Bd3 Nc6 10. Rc1 Bb7 11. 0-0 h6 12. Qb3 Na5 13. Qc2 c5 14. dxc5 bxc5 15. Ne2 Rc8 16. Rfd1 Qb6 17. b3 c4 18. bxc4 Nxc4 19. Rb1 Qc6 20. Ned4 Qc7 21. Rdc1 Ba6 22. Qa4 Qd6 23. Nf5 Qc6 24. Qb4 Qc7 25. Qa4 Qc6 26. Qxc6 Rxc6 27. N3d4 Rc7 28. Nb5 Bxb5 29. Rxb5 Rd8 30. g3 a6 31. Rb4 Rdc8 32. Rcb1 Rc6 33. Rb8 h5 34. Rxc8+ Rxc8 35. Rb7 Bg5 36. Rd7 g6 37. Nd6 Nb6 38. Nxc8 Nxd7 39. Bxa6 Kf8 40. Bb7 Bd8 41. Bxd5 Nb6 42. Nxb6 Bxb6 43. Kg2 Ke7 44. Kf3 f6 45. Ke4 Bc5 46. a4 Bb4 47. f3 Ba5 48. Kd3 g5 49. Kc4 Kd6 50. Bf7 h4 51. gxh4 gxh4 52. h3 Bd2 53. e4 Kc6 54. Be8+ Kd6 55. Kb5 Kc7 56. a5 Be3 57. a6 Ba7 58. Bc6 Kd6 59. Bb7 Kc7 60. Kc4 Kd6 61. Bc8 Bb6 62. Kd3 Ke5 63. Bf5 Ba7 64. Kc4 Kd6 65. Kb5 Kc7 66. f4 Kd6 67. Bg4 Be3 68. e5+ fxe5 69. f5 e4 70. f6 Ba7 71. f7 Ke7 72. Bh5 e3 73. Kc6 1/2-1/2

[Event "GER-chT Lands U20"]
[Site "Dresden"]
[Date "2008.11.15"]
[Round "3.6"]
[White "Kyas, Philipp"]
[Black "Nieber, Alexander"]
[Result "1-0"]
[WhiteElo "1893"]
[BlackElo "1824"]
[PlyCount "91"]
[EventDate "2008.11.14"]
[EventType "team-swiss"]
[EventRounds "7"]
[EventCountry "GER"]
[SourceTitle "EXT 2010"]
[Source "ChessBase"]
[SourceDate "2010.11.25"]
[SourceVersion "1"]
[SourceVersionDate "2010.11.25"]
[SourceQuality "1"]
[WhiteTeam "Niedersachsen"]
[BlackTeam "Sachsen Anhalt"]
[WhiteTeamCountry "GER"]
[BlackTeamCountry "GER"]

1. d4 Nf6 2. c4 g6 3. Nc3 d5 4. cxd5 Nxd5 5. g3 Nxc3 6. bxc3 Bg7 7. Bg2 0-0 8. e4 c5 9. Ne2 cxd4 10. cxd4 Nc6 11. Be3 Qa5+ 12. Qd2 Qxd2+ 13. Kxd2 Rd8 14. Kc3 Be6 15. Rhd1 Rac8 16. Kb2 Bc4 17. Nc3 Nxd4 18. f4 Nb5 19. Rxd8+ Rxd8 20. e5 f6 21. a4 Nxc3 22. Kxc3 Rc8 23. Kb4 fxe5 24. Rc1 exf4 25. Bd5+ Kf8 26. Bxf4 a5+ 27. Ka3 Bxd5 28. Rxc8+ Kf7 29. Rc5 Bc6 30. Rxa5 Bc3 31. Rc5 Bd4 32. Rc4 e5 33. Bc1 Bg1 34. a5 Bxh2 35. Rxc6 bxc6 36. Be3 Bxg3 37. a6 Bf4 38. Bf2 g5 39. a7 h5 40. a8Q Ke6 41. Qe8+ Kf5 42. Qxh5 e4 43. Qh7+ Ke5 44. Qc7+ Kd5 45. Qd7+ Ke5 46. Bd4# 1-0

[Event "GER-chT Lands U20"]
[Site "Dresden"]
[Date "2008.11.14"]
[Round "1.6"]
[White "Bruehan, Caren"]
[Black "Nieber, Alexander"]
[Result "0-1"]
[WhiteElo "1226"]
[BlackElo "1824"]
[PlyCount "106"]
[EventDate "2008.11.14"]
[EventType "team-swiss"]
[EventRounds "7"]
[EventCountry "GER"]
[SourceTitle "EXT 2010"]
[Source "ChessBase"]
[SourceDate "2010.11.25"]
[SourceVersion "1"]
[SourceVersionDate "2010.11.25"]
[SourceQuality "1"]
[WhiteTeam "Saarland"]
[BlackTeam "Sachsen Anhalt"]
[WhiteTeamCountry "GER"]
[BlackTeamCountry "GER"]

1. d4 Nf6 2. Bf4 g6 3. e3 Bg7 4. c4 d5 5. Nc3 c5 6. dxc5 Qa5 7. Qa4+ Qxa4 8. Nxa4 Na6 9. cxd5 Nb4 10. Bb5+ Bd7 11. Bxd7+ Nxd7 12. Rd1 Nxa2 13. Ne2 Rc8 14. d6 e6 15. 0-0 0-0 16. Nc1 Nxc1 17. Rxc1 a5 18. Rfd1 Rc6 19. h4 Rfc8 20. b3 b5 21. Nc3 Rxc5 22. Ne2 Rxc1 23. Nxc1 Rc6 24. Ne2 e5 25. Bg3 Bf8 26. Bxe5 Nxe5 27. d7 Nxd7 28. Rxd7 a4 29. bxa4 bxa4 30. Ra7 a3 31. Nd4 Rb6 32. Nc2 Rb3 33. Kh2 Bd6+ 34. g3 Rc3 35. Na1 Rc1 36. Nb3 Rb1 37. Nd2 Rb2 38. Nc4 Rxf2+ 39. Kh3 Bc5 40. Ra8+ Kg7 41. Nxa3 Ra2 42. Ra5 Bxa3 43. Kg4 Ra1 44. Ra7 Bb2 45. Rb7 h5+ 46. Kf4 Bc1 47. Re7 Ra4+ 48. Kf3 Kf8 49. Re4 Rxe4 50. Kxe4 Kg7 51. Kf3 Kf6 52. Kf4 Bd2 53. Kf3 Kf5 0-1

[Event "Sachsen-Anhalt-ch 18th"]
[Site "Stendal"]
[Date "2008.05.04"]
[Round "7"]
[White "Nieber, Alexander"]
[Black "Schindler, Christian"]
[Result "1/2-1/2"]
[WhiteElo "1829"]
[BlackElo "2131"]
[PlyCount "39"]
[EventDate "2008.05.01"]
[EventType "tourn"]
[EventRounds "7"]
[EventCountry "GER"]
[SourceTitle "EXT 2011"]
[Source "ChessBase"]
[SourceDate "2010.11.26"]
[SourceVersion "1"]
[SourceVersionDate "2010.11.26"]
[SourceQuality "1"]

1. d4 Nf6 2. c4 c5 3. d5 b5 4. cxb5 a6 5. bxa6 g6 6. Nc3 Bxa6 7. Nf3 d6 8. Nd2 Bg7 9. e4 Bxf1 10. Nxf1 0-0 11. Ne3 Nbd7 12. 0-0 Qb6 13. Qc2 Rfb8 14. Rb1 Ne8 15. a3 Qb3 16. Bd2 Qxc2 17. Nxc2 Rb3 18. Na1 Rb7 19. Nc2 Rb3 20. Na1 1/2-1/2

[Event "GER-chT U16"]
[Site "Burg Stargard"]
[Date "2002.12.30"]
[Round "7.3"]
[White "Schlereth, Mario"]
[Black "Nieber, Alexander"]
[Result "1-0"]
[WhiteElo "1572"]
[BlackElo "1061"]
[PlyCount "105"]
[EventDate "2002.12.27"]
[EventType "team-tourn"]
[EventRounds "7"]
[EventCountry "GER"]
[SourceTitle "CBM 092 Extra"]
[Source "ChessBase"]
[SourceDate "2003.03.07"]
[SourceVersion "1"]
[SourceVersionDate "2003.03.07"]
[SourceQuality "1"]

1. e4 e6 2. d4 d5 3. e5 c5 4. c3 Nc6 5. Nf3 Qb6 6. b3 Nge7 7. Be2 Nf5 8. Be3 Be7 9. 0-0 0-0 10. Qd2 Qa5 11. Qb2 b5 12. dxc5 a6 13. b4 Qc7 14. Bd4 Bd7 15. Nbd2 Ncxd4 16. cxd4 a5 17. a3 axb4 18. axb4 f6 19. Bd3 Qb7 20. h3 g6 21. Rxa8 Rxa8 22. Ra1 Ng7 23. Nb3 Rxa1+ 24. Qxa1 f5 25. h4 Nh5 26. g3 Bd8 27. Kg2 Kg7 28. Nfd2 Kf7 29. f4 Ng7 30. Na5 Qa7 31. Ndb3 h5 32. Qc3 Bc7 33. c6 Bc8 34. Bxb5 Qb6 35. Qc5 Qxc5 36. Nxc5 Ne8 37. Kf3 Ke7 38. Ke3 Bxa5 39. bxa5 Nc7 40. Bd3 Kd8 41. Nb7+ Ke8 42. Kd2 Ke7 43. Kc3 Ke8 44. Kb4 Ke7 45. Kc5 Ke8 46. Nd6+ Kd8 47. Nxc8 Kxc8 48. Kb6 Kb8 49. Ba6 Nxa6 50. Kxa6 Kc7 51. Kb5 Kb8 52. Kb6 Kc8 53. c7 1-0